000 01372nam a2200361 a 4500
001 000109077
003 CHAP
005 20220329144036.0
008 140402s2013 mx | |sm |||||||spa|d
010 _a105539
011 _a106511
040 _cCHAP
090 _aTesis
100 1 _aBarreto Fuentes, Marco Antonio
_9126162
245 1 0 _aEvaluación de paquetes tecnologicos en la producción de maiz (Zea mayz L.) en Texcoco, Estado de México
_h[En línea]
_cpor Marco Antonio Barreto Fuentes y Alfonso Muñoz Alcalá.
260 _aChapingo, Méx. :
_bEl autor,
_c2013.
500 _aPara ver el contenido del material haga clic en la liga
502 _aTesis (Ing. Agr. Esp. en Suelos) -- UACH. Departamento de Enseñanza, Investigación y Servicio en Suelos
590 _aBATCH-UPD
_b05
_c20141002
_lUCH01
_h0859
590 _aBATCH
_b00
_c20181121
_lUCH01
_h0758
590 _aE792CSJ
_b05
_c20140402
_lUCH01
_h0853
590 _aE792CSJ
_b05
_c20140402
_lUCH01
_h0853
650 1 4 _aMaíz
_xProducción.
_971041
650 1 4 _aMaíz
_xRendimiento.
_971051
650 1 4 _aMaíz
_xTecnología postcosecha.
_971069
650 1 4 _aMaíz
_zMéxico (Edo.).
_971099
700 1 _aMuñoz Alcalá, Alfonso
_9126170
856 _a1
_n0000781
856 _aFinding aid
_uhttp://10.13.5.2/tesis/sist109077.pdf
_zTeclea aquí
901 _aBK
942 _cTESIS
942 _n0
999 _c105539
_d105539